Statistics for Danny's Favourite Soccer Players - All Time

Click here to take the quiz!

General Stats

  • This quiz has been taken 20 times
  • The average score is 5 of 10

Answer Stats

HintAnswer% Correct
ZizuZidane
95%
Gunner DutchmanBergkamp
74%
UK#4Gerrard
74%
UK#8Lampard
63%
Boxing KangarooCahill
53%
KenoKeane
53%
PSScholes
53%
Stevie.P (Blue side of mersey side)Pienaar
42%
Jackie.WWilshire
11%
Roar#17McKay
0%

Score Distribution

Percentile by Number Answered

Percent of People with Each Score

Your Score History

You have not taken this quiz